| 000 | 00622nam a2200205Ia 4500 | ||
|---|---|---|---|
| 001 | 8315 | ||
| 003 | GE_BSU | ||
| 008 | 181216s||||||||xx |||||||||||||| ||und|| | ||
| 040 | _cGE_BSU | ||
| 245 | _aDestinations Турбизнес №14/Октябрь . 2013. | ||
| 245 | _bЗимняя карта путешествии | ||
| 245 | _cГл.ред.Елена Головина | ||
| 260 | _aМосква | ||
| 260 | _c2013 | ||
| 300 | _a48ст,26см. | ||
| 653 | _aDestinations Турбизнес №14/Октябрь . 2013. | ||
| 653 | _aТурбизнес | ||
| 653 | _aპერიოდიკა | ||
| 942 | _cCR | ||
| 999 |
_c41645 _d41645 |
||